000 nam a22 a 4500
999 _c1194
_d1194
003 AKMAL
005 20170508152648.0
008 170508s1995 my 00 may d
020 _a9839188054 (kkt.) :
_cRM 8.00
040 _aAKMAL
082 0 4 _a297.5 GHA
090 0 0 _a297.5
_bGHA
100 0 _aGhazzali,
_d1058-1111
_91520
245 1 0 _aRahsia serta hakikat ibadat puasa dan zakat /
_cAl-Imam Al-Ghzali ; ditambah dan diselenggarakan oleh Ali Akbar Osman
260 _aKuala Lumpur :
_bAl-Hidayah Publishers,
_c1995
300 _av, 196ms. ;
_c21cm.
500 _aMengandungi ayat-ayat dari Quran
650 _aIslam
_xCustoms and practices
_91330
650 _aPillars of Islam
_9893
942 _2ddc
_cBOOK